<?xml version="1.0" encoding="UTF-8"?>
<marc:record xmlns:marc="http://www.loc.gov/MARC21/slim">
   <marc:leader>00000nam a2200000 a 4500</marc:leader>
   <marc:datafield ind1="1" ind2=" " tag="100">
      <marc:subfield code="a">Clutton-Brock, Juliet</marc:subfield>
   </marc:datafield>
   <marc:datafield ind1=" " ind2=" " tag="653">
      <marc:subfield code="a">Säugetiere</marc:subfield>
   </marc:datafield>
   <marc:datafield ind1=" " ind2=" " tag="653">
      <marc:subfield code="a">Lexikon</marc:subfield>
   </marc:datafield>
   <marc:datafield ind1=" " ind2=" " tag="653">
      <marc:subfield code="a">Wirbeltiere</marc:subfield>
   </marc:datafield>
   <marc:datafield ind1="0" ind2="0" tag="245">
      <marc:subfield code="a">Säugetiere</marc:subfield>
   </marc:datafield>
   <marc:datafield ind1="0" ind2="0" tag="245">
      <marc:subfield code="c">hrsg. von Juliet Clutton-Brock</marc:subfield>
   </marc:datafield>
   <marc:datafield ind1=" " ind2="1" tag="264">
      <marc:subfield code="a">Berlin</marc:subfield>
      <marc:subfield code="b">Urania-Ravensburger</marc:subfield>
      <marc:subfield code="c">2002</marc:subfield>
   </marc:datafield>
   <marc:datafield ind1="1" ind2=" " tag="490">
      <marc:subfield code="a">Urania Naturführer</marc:subfield>
   </marc:datafield>
   <marc:datafield ind1="1" ind2=" " tag="520">
      <marc:subfield code="a">Gut gestaltetes Nachschlagewerk zum Thema "Säugetiere". (NN) Kennen Sie einen Larvensifaki? Falls nicht, können Sie auf der S. 105 dieses lexikalischen Werkes erfahren, dass es sich hierbei um einen Primaten der Familie Indriidae handelt, dessen Population wegen fortschreitenden Verlustes des Lebensraumes gefährdet ist, der auf Madagaskar in Gruppen lebt, etwa 45 cm groß ist, sich von Früchten, Blättern und Rinde ernährt und eine Tragzeit von 150 bis 162 Tagen hat. Die Säugetiere, die bekannteste Gruppe der Wirbeltiere, werden in ihren 21 Ordnungen kurz und prägnant dargestellt. Über 1000 detailgetreue Farbabbildungen vervollständigen die Artbeschreibung und die Kopf- bzw. Fußleiste mit ihren Kurzinformationen bzw. Symbolen hilft das Wesentliche auf einen Blick zu erfassen. Die wichtigsten Fachbegriffe werden in einem ausführlichen Glossar erläutert. Ein umfassendes Nachschlagewerk, auch für Schulbibliotheken sehr zu empfehlen. *bn* Christa Wochner</marc:subfield>
   </marc:datafield>
   <marc:datafield ind1=" " ind2=" " tag="020">
      <marc:subfield code="a">3332013394</marc:subfield>
      <marc:subfield code="9">3332013394</marc:subfield>
   </marc:datafield>
   <marc:datafield ind1=" " ind2=" " tag="500">
      <marc:subfield code="a">Aus dem Engl. von Christiane Schrabback</marc:subfield>
   </marc:datafield>
   <marc:datafield ind1=" " ind2=" " tag="300">
      <marc:subfield code="a">400 S. : Ill. (farb.)</marc:subfield>
   </marc:datafield>
</marc:record>
